000 00846nam a2200265Ia 4500
003 OSt
005 20221005072651.0
006 a|||||r|||| 00| 0
007 ta
008 221004b |||||||| |||| 00| 0 urd d
020 _a9789389002508 (hbk)
_cINR 500.00
024 _a67971
037 _b2375, 19/02/2020, M.R.Publications
_cTextual
040 _aCRL
_cCRL
_burd
041 _2urd
_aurd
082 _aO168,1N52:g, Q9
100 _aAmena Begum Ed.
_9607386
245 0 _aHamare apke Muzaffar Shahmiri
260 _aNew Delhi
_bEducational publishing house India
_c2019
300 _a671+32p.
_ccm.
650 _aURDU POETRY
700 _a Shafi Mohammed Ed.
_9607387
942 _hO168,1N52:g, Q9
_cTEXL
_2cc
999 _c979847
_d979847